| 000 | 00000nam 2200000zi 4500 |
| 001 | 9.941062 |
| 003 | CaOODSP |
| 005 | 20240725152731 |
| 006 | m o d f |
| 007 | cr |n||||||||| |
| 008 | 240725e201001##onca ob f|0| 0 fre d |
| 040 | |aCaOODSP|bfre|erda|cCaOODSP |
| 043 | |an-cn--- |
| 086 | 1 |aIN4-52/2010F-PDF |
| 245 | 00|aRapport de vérification interne du cadre de contrôle de l’accès aux réseaux informatiques. |
| 264 | 1|a[Ottawa] : |bBureau du surintendant des institutions financières Canada = Office of the Superintendant of Financial Institutions Canada, |cjanvier 2010. |
| 300 | |a1 ressource en ligne (20 pages) : |billustrations |
| 336 | |atexte|btxt|2rdacontent/fre |
| 337 | |ainformatique|bc|2rdamedia/fre |
| 338 | |aressource en ligne|bcr|2rdacarrier/fre |
| 500 | |aPublié aussi en anglais sous le titre : Internal audit report on IT security access. |
| 504 | |aComprend des références bibliographiques. |
| 610 | 26|aBureau du surintendant des institutions financières Canada|xAudit. |
| 650 | 6|aTechnologie de l'information|xSécurité|xMesures|zCanada|xAudit. |
| 650 | 6|aSécurité informatique|zCanada|xAudit. |
| 710 | 2 |aBureau du surintendant des institutions financières Canada, |eorganisme de publication. |
| 775 | 08|tInternal audit on IT security access.|w(CaOODSP)9.940480 |
| 856 | 40|qPDF|s828 Ko|uhttps://publications.gc.ca/collections/collection_2024/bsif-osfi/IN4-52-2010-fra.pdf |